000 00262nam a22001097a 4500
008 170117b xxu||||| |||| 00| 0 eng d
020 _a9781565335202
041 _aeng
080 _28th
_a618.2
245 _aEN MATERNAL NEWBORN NURSING
_cKNIPPA, A
942 _2udc
_cBK
999 _c3013
_d3013